| 000 | 01111nam0a22002771 4500 | ||
|---|---|---|---|
| 001 | rc\4950729 | ||
| 005 | 20260407020944.0 | ||
| 021 |
_aRU _b[57-13489] |
||
| 035 | _a(NLR Aleph) 008952786 | ||
| 090 |
_a9014129 _c9014129 |
||
| 100 | _a20130426d1957 |||y0rusy50 ca | ||
| 101 | 0 | _arus | |
| 102 | _aRU | ||
| 105 | _ay z ||||| | ||
| 200 | 1 |
_a35 лет Радиевого института имени В.Г. Хлопина АН СССР _f[Отв. ред. И.Е. Старик] _gАкад. наук СССР. Отд-ние хим. наук |
|
| 210 |
_aЛенинград _cИзд-во Акад. наук СССР _d1957 |
||
| 215 |
_a72 с. _d22 |
||
| 606 |
_aРадиология в СССР _xИстория _2psbo |
||
| 606 |
_aРадиевые институты _yЛенинград _2psbo |
||
| 702 | 1 |
_aСтарик _bИ.Е. _gИосиф Евсеевич _4340 |
|
| 712 | 0 | 2 |
_aРадиевый институт им. В. Г. Хлопина _cЛенинград _3RU\NLR\AUTH\8810005833 _9509085 |
| 801 | 0 |
_aRU _bNLR _gpsbo |
|
| 801 | 1 |
_aRU _bELAR _2rusmarc |
|
| 852 |
_aNLR _j57-6/1671 |
||
| 942 | _cBOOK | ||
| 980 | _aNB | ||